• 首页
  • 本馆介绍
  • 公告通知
  • 最新文献
  • 馆藏检索
  • 电子资源
  • 读者导购
  • 参考咨询
  • 我的图书馆
  • 登录
  • 详细信息显示
  • 放入我的书架
  • 预约/预借图书
  • 作者相关作品
  • 分类相关作品
  • 丛书相关作品
  • 出版社相关作品

书目信息

  • 表格格式
  • 工作单格式
  • 卡片格式
题名:
17种药用真菌栽培
    
 
作者: 胡昭庚编著
分册:  
出版信息: 北京   农业出版社  1999.02
页数: 143页
开本: 32开
丛书名:
单 册:
中图分类: S435.673
科图分类:
主题词: 植物--病虫害 , 植物--病虫害防治方法
电子资源:
ISBN: 7-109-05490-X
000 00582nam0 2200193 45
001 9911301546
005 19991130153659.5
010    @a7-109-05490-X@d6.00
100    @a19991130d1999 km y0chiy0120 ea
101    @achi
105    @a z 000yy
200 1  @a17种药用真菌栽培@A17 Zhong Yao Yong Zhen Jun Zai Pei@f胡昭庚编著@FHu Zhao Geng Bian Zhu
210    @a北京@c农业出版社@d1999.02
215    @a143页@c无图表@d32开
606 0  @a植物@x病虫害
606 0  @a植物@x病虫害防治方法
690    @aS435.673@v3
801    @aCN@bPerfectUser@c19991130
905    @aBZT@b67767-769@f3@dS435.673@e3
    
    17种药用真菌栽培/胡昭庚编著.-北京:农业出版社,1999.02
    143页:无图表;32开
    
    
    ISBN 7-109-05490-X:6.00
    
●
相关链接 在五车中查询图书 在当当中查询图书 在豆瓣中查询图书


正题名:17种药用真菌栽培     索取号:S435.673/3         预约/预借

序号 登录号 条形码 馆藏地/架位号 状态 备注
1 67767   200553793   中心书库中库/ 中库033架A面1列5层48/ [索取号:S435.673/3] 在馆    
2 67768   200553784   中心书库中库/ 中库033架A面1列5层49/ [索取号:S435.673/3] 在馆    
3 67769   200553819   中心书库中库/ 中库033架A面1列5层47/ [索取号:S435.673/3] 在馆    
山东省滨州职业学院图书馆 欢迎您!
大连网信软件有限公司© 版权所有